Loading...
| Current Events | 1 | 10.00 | 100% | 0% | 0% |
| Fine Arts - Classical Music | 6 | 13.33 | 83% | 33% | 17% |
| Fine Arts - Other Fine Arts | 5 | 14.00 | 100% | 40% | 0% |
| Geography | 4 | 17.50 | 100% | 75% | 0% |
| History - American History | 3 | 16.67 | 100% | 67% | 0% |
| History - European History | 5 | 16.00 | 100% | 60% | 0% |
| History - Other History | 8 | 13.75 | 100% | 25% | 13% |
| History - World History | 3 | 16.67 | 100% | 67% | 0% |
| Literature - American Literature | 4 | 15.00 | 100% | 25% | 25% |
| Literature - British Literature | 4 | 12.50 | 75% | 25% | 25% |
| Literature - European Literature | 1 | 30.00 | 100% | 100% | 100% |
| Literature - World Literature | 3 | 16.67 | 100% | 67% | 0% |
| Mythology | 6 | 18.33 | 100% | 50% | 33% |
| Painting/Sculpture | 7 | 14.29 | 100% | 43% | 0% |
| Philosophy | 2 | 15.00 | 100% | 50% | 0% |
| Pop Culture | 1 | 20.00 | 100% | 100% | 0% |
| Religion | 3 | 13.33 | 100% | 33% | 0% |
| Science - Biology | 4 | 20.00 | 100% | 75% | 25% |
| Science - Chemistry | 6 | 15.00 | 83% | 50% | 17% |
| Science - Other Science | 6 | 21.67 | 100% | 67% | 50% |
| Science - Physics | 5 | 12.00 | 100% | 0% | 20% |
| Social Science | 4 | 10.00 | 100% | 0% | 0% |